Institut de Bioquímica Clínica. Memoria 1990
ISBN:
84-7794-185-8
Descripción Física:
54 p. : taules ; 29 cm
Materias:
Institut de Bioquímica Clínica
MARC
| LEADER | 00000nam a2200000Ia 4500 | ||
|---|---|---|---|
| 001 | 17647 | ||
| 008 | 160829s1992 xx 000 0 cat d | ||
| 020 | |a 84-7794-185-8 | ||
| 080 | |a C-2-433 | ||
| 245 | |a Institut de Bioquímica Clínica. Memoria 1990 | ||
| 260 | |a Barcelona : |b Diputació de Barcelona, |c 1992 | ||
| 300 | |a 54 p. : |b taules ; |c 29 cm | ||
| 590 | |a Bibliografia. | ||
| 590 | |a A la coberta: IBC. | ||
| 590 | |a Hi ha un exemplar en català amb R. 17646 | ||
| 610 | 2 | 0 | |a Institut de Bioquímica Clínica |9 56425 |
| 710 | 1 | |a Barcelona (Catalunya : Província). |b Diputació |9 52408 | |
| 901 | |a Arxiu | ||
| 942 | |n 1 | ||
| 952 | |0 0 |1 0 |4 0 |6 C2433 |7 1 |9 42046 |a Arxiu |b Arxiu |d 2016-12-01 |l 0 |o C-2-433 |p 17647 |r 2016-12-01 00:00:00 |w 2016-12-01 |y ARXIU | ||
| 999 | |c 44493 |d 44493 | ||